000 00361nam a2200121Ia 4500
008 250110s9999 xx 000 0 und d
041 _aeng
100 _aRaisoni Sailee
_9182493
245 _aEnergy Efficient Artificial Lighting For Apparel Stores
260 _bM.Arch Environmental, Pune
_c2013
300 _a140p
700 _aGuide Name:Dalal Prajakta
_9210166
999 _c363358
_d363358